| 000 | 00689nam a2200181 i 4500 | ||
|---|---|---|---|
| 001 | 99954 | ||
| 003 | ES-MaACL | ||
| 005 | 20230906182559.0 | ||
| 007 | t| | ||
| 008 | 050920s1977 sp ||||1| spa d | ||
| 100 | 1 |
_aMartínez Lafuente, Antonio. _978168 |
|
| 245 | 1 | 0 |
_aManual del impuesto sobre transmisiones patrimoniales y actos jurídicos documentados / _cpor Antonio Martínez Lafuente. |
| 260 |
_aMadrid : _bEscuela de Inspección Financiera y Tributaria, _c1977. |
||
| 300 |
_a365 p. ; _c24 cm. |
||
| 500 | _aPrecede al tít.: Escuela de Inspección Financiera. | ||
| 710 | 2 |
_aEscuela de Inspección Financiera y Tributaria (España) _93549 |
|
| 852 |
_aES-MaACL _jA-7067 _bR.96180 |
||
| 999 |
_c99954 _d99954 |
||